01423cam a22002771 450000100060000000300080000600500170001400800410003103500190007204000330009104100080012408200240013210000440015624500650020025000170026526000570028230000260033950003760036550400760074165000800081765100540089790600450095194200120099699900170100895201200102576770BD-RjUL20211209082901.0200119s1883 enk b 001 0 eng  a(BD-RjUL)76994 aDLCcOKentUdOCoLCdDLCbeng aeng 223a820.9bSAH 18931 aSaintsbury, George,d1845-1933.923784012aA history of Elizabethan literature /cby George Saintsbury. a2nd.ed. 1890 aLondon,aNew York :bMacmillan and Co.,c1890[1893]. axiv, 471 p. ;c19 cm. a"Intended to form the second volume of a History of English literature divided into four main periods ... The volume on the earliest period of English literature has been undertaken by Mr. Stopford Brooke, the volume dealing with the Literature of the eighteenth century, by Mr. Edmund Gosse and that on Modern literature by Professor Dowden."--Advertisement. Dated 1887. aIndex I--Bibliographical: p. [463]-467.--Index II--General: p. 468-471. 0aEnglish literatureyEarly modern, 1500-1700xHistory and criticism.9237841 0aEnglandxIntellectual lifey16th century.9237842 a7bcbccoclcrplduencipf19gy-gencatlg 2ddccBK c76770d76770 00102ddc40718NFICaRUCLbRUCLcReadingd2020-01-19l0o820.9 SAH 1893r2020-01-19 00:00:00tC-1w2020-01-19yBK